000 00687nam a2200241Ia 4500
003 OSt
005 20220928111047.0
006 a|||||r|||| 00| 0
007 ta
008 220927b |||||||| |||| 00| 0 eng d
024 _a32255
037 _cTextual
040 _aSDCL
_cSDCL
_beng
041 _2eng
_aeng
082 _aQ23, M3
100 _aNeelkanthshivacharyan
_9421353
245 0 _aShivadwait Paribhasha.
260 _aVaranasi
_bPrabandhak, Sansthan Jangamadimuth
_c1983
300 _a56p.
_ccm.
700 _a Sharma Chandrshekhar Ed.
_9421354
942 _hQ23, M3
_cTEXL
_2CC
999 _c737640
_d737640